000 01008nam a2200301 i 4500
001 000037754
003 DO-SdBNP
005 20250207125148.0
008 130305s2012 dr 000 0 spa d
020 _a9993491985
040 _aDO-SdBNP
_bspa
_cBNPHU
_erda
082 4 _a641.597293
_bL864c, 2012
_222
100 1 _aLópez, Claudia
_910232
_eautora
245 1 0 _aCocinar es fácil /
_cClaudia López ; prólogo, Ligia Minaya.
260 _aSanto Domingo :
_bLetragráfica,
_c2012.
300 _a205 páginas ;
_c24 cm.
336 _2rdacontent
_atexto
_btxt
337 _2rdamedia
_asin mediación
_bn
338 _2rdacarrier
_avolumen
_bnc
500 _aIncluye datos biográficos de la autora en la solapa de la cubierta
590 _aInventariado, 2023/MFF
650 4 _aCocina dominicana
_9192
650 4 _aPreparación de alimentos
_9193
650 0 _aGastronomía
_9362
700 1 _aMinaya, Ligia,
_d1941-
_eprólogo
_923177
910 _aValidado. Control de calidad MFF
942 _2ddc
_cLBS1
999 _c37244
_d37244